Statistics for Legends and Myths of Europe on a Map

Click here to take the quiz!

General Stats

  • This quiz has been taken 69 times
  • The average score is 29 of 100

Answers on the Map

Answers color-coded by a green-red scale on the quiz's map according to % correct below.
 

Answer Stats

Answer% Correct
Hades
92%
Loch Ness Monster
90%
Thor
89%
Elf
84%
Robin Hood
84%
Leprechaun
77%
Zeus
77%
Athena
72%
King Arthur
72%
Minotaur
72%
Four Leaf Clover
70%
Nøkk
70%
Pegasus
69%
Cinderella
67%
Medusa
67%
Hydra
66%
Neptune
66%
Odin
66%
Phoenix
66%
Romulus
66%
Paris
64%
Centaur
62%
Loki
62%
Mistletoe
61%
Easter Bunny
59%
Snow White
59%
Christmas Tree
56%
Krakus
56%
Sleeping Beauty
56%
Kraken
51%
Venus
49%
Sphinx
48%
Faust
46%
Gargoyle
46%
Harpy
46%
Demeter
43%
Freyja
43%
Pied Piper
43%
Count Dracula
41%
Juno
38%
Ajax
28%
Doppelgänger
28%
Yggdrasil
28%
Baba Yaga
23%
Frog Prince
23%
Kelpie
21%
Krampus
21%
Tur
21%
Perun
11%
Brownie
10%
Mandrake
10%
Rusalka
10%
Wyvern
10%
Svarog
8%
Dazhbog
7%
Domovoy
7%
Epona
7%
Kobold
7%
Libuse
7%
Nisse
7%
Vodyanoy
7%
Beast of Gévaudan
5%
Geryon
5%
Ilmarinen
5%
Koschei
5%
Lindworm
5%
Moly
5%
Turul
5%
Bayard
3%
Ēostre
3%
Galo de Barcelos
3%
Kratt
3%
Mistress of Copper Mountain
3%
Perkūnas
3%
Rübezahl
3%
Samodiva
3%
Veles
3%
Aatxe
2%
Barnstokkr
2%
Basajaun
2%
Buschgroßmutter
2%
Chuhaister
2%
Dievas
2%
Dziwożona
2%
Firefox
2%
Fossegrim
2%
Greuceanu
2%
Huldufólk
2%
Ispolin
2%
King Kojata
2%
Krsnik
2%
Nikita the Tanner
2%
Sadko
2%
Shtriga
2%
Shubin
2%
Solomonari
2%
Strigoi
2%
Tatzelwurm
2%
Widewuto
2%
Zduhać
2%

Score Distribution

Percentile by Number Answered

Percent of People with Each Score

Your Score History

You have not taken this quiz